Obras políticas históricas y críticas : tomo I /

Збережено в:
Бібліографічні деталі
Автор: Quevedo y Villegas, Francisco de (autor)
Формат: Книга
Мова:Іспанська
Серія:(Biblioteca Clásica ; 176, 177)
Предмети:
Теги: Додати тег
Немає тегів, Будьте першим, хто поставить тег для цього запису!

MARC

LEADER 00000nam^a2200000^a^4500
001 000381100
005 20250526000000.0
009 20260310120634.907
037 |a Acervo Xavier Clavigero 
041 |a ESP 
082 |a 868.  |b QUE V. 1-2 
100 |a Quevedo y Villegas, Francisco de  |e (autor) 
240 1 1 |a [Vida de Marco Bruto] 
240 1 1 |a [Obras políticas históricas y críticas de Quevedo] 
245 1 0 |a Obras políticas históricas y críticas :  |b tomo I /  |c F. de Quevedo y Villegas. 
264 |a Madrid, España :  |b Librería Hernando,  |c 1893 
300 |a XV, 382, XV, 383 p. ;  |c 17.5 cm. 
336 |a texto  |b txt  |2 rdacontenido 
337 |a sin mediación  |b n  |2 rdamedio 
338 |a volumen  |b nc  |2 rdasoporte 
440 1 |a (Biblioteca Clásica ;  |v 176, 177) 
501 |a Encuadernación particular 
545 0 |a Francisco de Quevedo y Villegas (1580-1645), escritor español. Cultivó con abundancia tanto la prosa como la poesía, fue una de las figuras más complejas e importantes del Siglo de Oro español. Su poesía es amorosa de corte petrarquista en la que se le da importancia al sentimiento. Se conservan de él casi 900 poemas publicados algunos en El parnaso español (1648), por su editor Jusepe González de Salas y el resto en Las tres musas últimas castellanas (1670), por su sobrino Pedro Alderete. De su prosa podemos citar: de índole satírico La vida del Buscón llamado don Pablos (1604), obra muy investigada por los críticos que tiene la estructura de la novela picaresca; Sueños, que fueron publicados por partes; escritos políticos España defendida (1606); Política de Dios y gobierno de Cristo; autobiográficas Vida de Marco Bruto (1630-31); filosóficas y ascéticas La cuna y la sepultura y Virtud militante; y en teatro algunas comedias. 
561 |a Ex libris de Instituto de Literatura Puente Grande, Jal. 
561 |a Ex libris de Bibl. Iunioratus Dom. Prob. S. Ioseph 
562 |a Falta cubierta 
649 |a XX 
650 |a Políticos Españoles 
650 |a Reyes Españoles 
650 |a Políticos Romanos -  |x Biografías 
650 |a Militares Romanos -  |x Biografías 
650 |a Cartas Españolas 
650 |a Ensayos Españoles 
650 |a Cuentos Españoles 
650 |a Etica Política 
650 |a Literatura y Política -  |z España 
650 |a Literatura Española -  |y Siglo XVII 
650 |a Literatura Española -  |y Epoca Clásica, 1500-1700 
650 |a Política -  |z España -  |x Historia 
650 |a Política -  |z Roma -  |x Historia 
650 |a España -  |x Historia 
650 |a Roma -  |x Historia -  |y Siglo I a.C. 
650 |a Roma -  |x Historia -  |y Contienda Civil, 146-31 a.C. 
650 |a Roma -  |x Historia -  |y Consulado, Dictaduras y Triunviratos, 122-31 a.C. 
650 |a Bruto, Marco Junio -  |x Tema Principal 
650 |a Felipe IV, Rey de España 
650 |a Fernando II,  |c El Católico, Rey de Aragón 
740 0 |a Obras políticas históricas y críticas :  |b tomo II /  |c F. de Quevedo y Villegas. 
740 0 |a Marco Bruto /  |c F. de Quevedo y Villegas. 
910 |a Fondo General 
920 |a Impresos - Libros 
930 |a Libros Antiguos y Raros 
940 |a Literatura 
905 |a 108 
901 |a 0500276127  |b IT2  |c LRA  |u 20250526 
902 |a https://opac.biblio.iteso.mx/vufind/Record/000381100